| 000 | 00659nam a2200193Ia 4500 | ||
|---|---|---|---|
| 005 | 20250508164440.0 | ||
| 008 | 008 250505s9999 xx 000 0 eng d | ||
| 037 | _aReference | ||
| 040 |
_aFEDL _beng _cFEDL |
||
| 041 |
_aeng _2eng |
||
| 084 |
_a372, NAT _qFEDL |
||
| 245 | 0 | _aElementary education in India: Analytical report 2004-05 | |
| 245 | 0 | _cNational Institute of Educational Planning and Administration (New Delhi India) | |
| 260 |
_aNew Delhi, India _bNational Institute of Educational Planning and Administration _c2006 |
||
| 300 | _a373p | ||
| 650 | _aElementary education | ||
| 942 |
_cREF _h372, NAT |
||
| 999 |
_c1389196 _d1389196 |
||